Central Library OPAC University of Rajshahi

النمو الثفافي ومشاكله في العالم الإسلامي : أبحاث المائدة المستديرة المنعقدة بجامعة إفريقياالعالمية في 20 من محرم 1418 هـ الموافق 26 من مايو 1997 م.= Cultural Development in the Islamic World and its Problems /[al-Numūw al-thaqāfī wa-mashākiluhu fī al-ʻālam al-Islāmī : abḥāth al-māʼidah al-mustadīrah al-munʻaqidah bi-Jāmiʻat Ifrīqīyā al-ʻĀlamīyah fī 20 min Muḥarram 1418 H al-muwāfiq 26 min Māyū 1997 M.] (Record no. 79637)

MARC details
000 -LEADER
fixed length control field 01628naa a2200253 a 4500
001 - CONTROL NUMBER
control field 79637
003 - CONTROL NUMBER IDENTIFIER
rucl marc code BD-RjUL
005 - DATE AND TIME OF LATEST TRANSACTION
control field 20220330133323.0
008 - FIXED-LENGTH DATA ELEMENTS--GENERAL INFORMATION
fixed length control field 220330s19981418u ||||| |||| 00| 0 a d
020 ## - INTERNATIONAL STANDARD BOOK NUMBER
International Standard Book Number 9981261246
035 ## - SYSTEM CONTROL NUMBER
System control number (BD-RjUL)79637
040 ## - CATALOGING SOURCE
Original cataloging agency BD-RjUL
Language of cataloging eng
Transcribing agency BD-RjUL
041 ## - LANGUAGE CODE
Language code of text/sound track or separate title ara
082 ## - DEWEY DECIMAL CLASSIFICATION NUMBER
Edition number 23
Classification number 956
Author mark and year NUM 1998
245 ## - TITLE STATEMENT
Title النمو الثفافي ومشاكله في العالم الإسلامي : أبحاث المائدة المستديرة المنعقدة بجامعة إفريقياالعالمية في 20 من محرم 1418 هـ الموافق 26 من مايو 1997 م.= Cultural Development in the Islamic World and its Problems /[al-Numūw al-thaqāfī wa-mashākiluhu fī al-ʻālam al-Islāmī : abḥāth al-māʼidah al-mustadīrah al-munʻaqidah bi-Jāmiʻat Ifrīqīyā al-ʻĀlamīyah fī 20 min Muḥarram 1418 H al-muwāfiq 26 min Māyū 1997 M.]
260 ## - PUBLICATION, DISTRIBUTION, ETC. (IMPRINT)
Place of publication, distribution, etc. [Rabat]:
Name of publisher, distributor, etc. المنظمة الإسلامية للتربية والعلوم والثقافة، إيسيسكو،: al-Munaẓẓamah al-Islāmīyah lil-Tarbiyah wa-al-ʻUlūm wa-al-Thaqāfī, Īsīskū,
Date of publication, distribution, etc. 1998.
300 ## - PHYSICAL DESCRIPTION
Pagination 57 p. ;
Size 22 cm
490 ## - SERIES STATEMENT
Series statement Publications of the Islamic Educational, Scientific and Cultural Organization.
650 ## - SUBJECT ADDED ENTRY--TOPICAL TERM
Topical term or geographic name as entry element Islamic countries
Form subdivision Civilization
Chronological subdivision 20th century
General subdivision Congresses.es.
9 (RLIN) 2142
Topical term or geographic name as entry element Arts and society
Form subdivision Islamic countries
Chronological subdivision 20th century
General subdivision Congresses.
9 (RLIN) 2143
Topical term or geographic name as entry element Islamic countries.
Form subdivision Cultural policy
Chronological subdivision 20th century
General subdivision Congresses
9 (RLIN) 2144
830 ## - SERIES ADDED ENTRY--UNIFORM TITLE
Uniform title Publications of the Islamic Educational, Scientific and Cultural Organization.
942 ## - ADDED ENTRY ELEMENTS (KOHA)
Source of classification or shelving scheme Dewey Decimal Classification
Koha item type Books
Holdings
Lost status Source of classification or shelving scheme Damaged status Not for loan Collection code Permanent Location Current Location Shelving location Date acquired Source of acquisition Total Checkouts Full call number Date last seen Copy number Koha item type
  Dewey Decimal Classification   Not For Loan Non-fiction Central Library, University of Rajshahi Central Library, University of Rajshahi Reading Room 30/07/1998 Author   A 956 NUM 1998 30/03/2022 C-1 Books